Welcome to the Holygrace Academy Library

Please use search bar below to get started

PATHWAYS TO GREATNESS (Record no. 6818)

MARC details
000 -LEADER
fixed length control field 00313nam a22001337a 4500
082 ## - DEWEY DECIMAL CLASSIFICATION NUMBER
Classification number 303.4
Item number KAL/P
100 ## - MAIN ENTRY--AUTHOR NAME
Personal name KALAM,A.P.J ABDUL
245 ## - TITLE STATEMENT
Title PATHWAYS TO GREATNESS
Remainder of title COMING TOGETHER
250 ## - EDITION STATEMENT
Edition statement FIRST
260 ## - PUBLICATION, DISTRIBUTION, ETC. (IMPRINT)
Place of publication INDIA
Name of publisher HARPER COLLINS
Year of publication 2017
300 ## - PHYSICAL DESCRIPTION
Number of Pages 158
650 ## - SUBJECT ADDED ENTRY--TOPICAL TERM
Topical Term ABOUT KALAM
Geographic subdivision INDIA
942 ## - ADDED ENTRY ELEMENTS (KOHA)
Koha item type Books
Holdings
Withdrawn status Lost status Collection code Home library Current library Shelving location Date acquired Source of acquisition Full call number Accession Number Koha item type
    Reference Main Library Main Library NEW SHELF WITH NEW ENTRY 05/10/2023 PURCHASE 303.4 KAL/P 12935 Books